000 01358nam a22003017a 4500
005 20231006154435.0
008 231006b ||||| |||| 00| 0 eng d
020 _a9780934840064
040 _aCO-BoUCM
_cDavid Moreno
_dDavid Moreno
041 _aspa
100 1 _aLuis F. Paredes
_9179044
245 1 0 _aPerú Negro :
_bbailando muchas memorias /
_cLuis F. Paredes ; edición crítica, notas y prólogo: Luis A. Ramos-García
246 _aBailando muchas memorias
260 _aMinneapolis, USA
_aLima, PE
_bStudia Hispanica Editors
_bAsociación Iberoamericana de Artes y Letras
_c2021
300 _a xxxvii, 209 Paginas
500 _aBased on the author's Ph.D. dissertation, 2015.
504 _aIncluye referencias bibliográficas e índices
610 1 _aPerú Negro (Grupo musical)
_9179045
650 1 7 _aPueblo negro
_xHistoria y crítica
_zPerú
_9179046
650 1 7 _aDanza Negra
_xHistoria
_zPerú
_9179047
650 1 7 _aMúsica folklórica
_xHistoria y crítica
_zPerú
_9179048
650 1 7 _aMúsica bailable folklórica
_xHistoria y crítica
_zPerú
_9179049
650 1 7 _aPueblo negro
_xIdentidad racial
_zPerú
_9179050
650 1 7 _aPueblo negro
_xCondiciones sociales
_zPerú
_9179051
700 _aRamos-García, Luis A.
_eeditor
_9179052
942 _2DEWEY
_a1
_cLIBRO
_e1
_h361.9
_mP227p
_n0
999 _c323239
_d323239